000
00322nam a22001337a 4500
082
_a
823
_b
GRA/W
100
_a
GRAHAME, KENNETH
245
_a
THE WIND IN THE WILLOWS
246
_a
THE WIND IN THE WILLOWS
_b
THE WIND IN THE WILLOWS
260
_a
U K
_b
PENGUIN
_c
2015
300
_a
245
650
_a
ENGLISH STORY
942
_c
BK
999
_c
9119
_d
9119